000 01127nam a2200241 i 4500
001 13479
003 ES-MaACL
005 20251220174346.0
007 t|
008 980416m19901996sp ||||1| spa d
020 _a84-600-7464-3
080 _a34(37)
111 0 _aSeminarios Complutenses de Derecho Romano
_c(Madrid)
_91062
245 1 0 _aSeminarios Complutenses de Derecho Romano /
_c[Coordinador de los Seminarios Javier Paricio].
260 _aMadrid :
_bFundación Seminario de Derecho Romano "Ursicino Alvárez",
_c1990-1997.
300 _a9 v. ;
_c24 cm.
505 8 _aI.(Abril-junio 1989) : Cuestiones de Jurisprudencia y proceso -- II.(Marzo-Mayo 1990) : Cuestiones de Derecho público romano -- III. (Febrero-Mayo 1991) -- IV. (1992) En el centenario de la muerte de Rudolf von Ihering -- V. (1993) -- VI. (1994) -- VII. (1995) -- VIII. (1996) -- Suplemento 1994-95
650 1 7 _aDerecho romano
_2embne
_911764
700 1 _aParicio, Javier.
_989121
710 2 _aFundación Seminario de Derecho Romano "Ursicino Alvárez"
_94418
852 _aES-MaACL
_jP-1944
_bR.126335
999 _c13479
_d13479